MARC details
| 000 -LEADER |
| fixed length control field |
01064nam a2200253 a 4500 |
| 001 - CONTROL NUMBER |
| control field |
17033250 |
| 008 - FIXED-LENGTH DATA ELEMENTS--GENERAL INFORMATION |
| fixed length control field |
160920s2011 ||||||||||||||||| || u |
| 010 ## - LIBRARY OF CONGRESS CONTROL NUMBER |
| LC control number |
2011456964 |
| 020 ## - INTERNATIONAL STANDARD BOOK NUMBER |
| International Standard Book Number |
9781444729726 |
| 050 ## - LIBRARY OF CONGRESS CALL NUMBER |
| Classification number |
PS 3557.R5355L58 |
| 100 ## - MAIN ENTRY--PERSONAL NAME |
| Personal name |
Grisham, John |
| 245 14 - TITLE STATEMENT |
| Title |
The litigators |
| Statement of responsibility, etc. |
John Grisham. |
| 250 ## - EDITION STATEMENT |
| Edition statement |
1st ed. |
| 260 ## - PUBLICATION, DISTRIBUTION, ETC. |
| Place of publication, distribution, etc. |
London |
| Name of publisher, distributor, etc. |
Doubleday |
| Date of publication, distribution, etc. |
2011 |
| 260 ## - PUBLICATION, DISTRIBUTION, ETC. |
| Place of publication, distribution, etc. |
London |
| Name of publisher, distributor, etc. |
Hodder and Stoughton |
| Date of publication, distribution, etc. |
2011 |
| 300 ## - PHYSICAL DESCRIPTION |
| Extent |
436 p. |
| 520 ## - SUMMARY, ETC. |
| Summary, etc. |
Law firm partners Oscar Finley and Wally Figg see a chance for huge financial gain when they learn of a pending class action lawsuit against the makers of Krayoxx, a popular cholesterol-reducing drug suspected of causing heart attacks. |
| 650 #0 - SUBJECT ADDED ENTRY--TOPICAL TERM |
| Topical term or geographic name entry element |
Class actions (Civil procedure) - Fiction |
| 650 #0 - SUBJECT ADDED ENTRY--TOPICAL TERM |
| Topical term or geographic name entry element |
CHICAGO (III.) -FICTION |
| 650 #0 - SUBJECT ADDED ENTRY--TOPICAL TERM |
| Topical term or geographic name entry element |
Products liability - Drugs - Fiction |
| 650 #0 - SUBJECT ADDED ENTRY--TOPICAL TERM |
| Topical term or geographic name entry element |
ANTICHOLESTEREMIC AGENTS - FICTION |
| 650 ## - SUBJECT ADDED ENTRY--TOPICAL TERM |
| Topical term or geographic name entry element |
ENGLISH LANGUAGE |
| 995 ## - RECOMMENDATION 995 [LOCAL, UNIMARC FRANCE] |
| -- |
CBU-MAIN LIBRARY (Kitwe) |
| -- |
1 |
| -- |
AVAILABLE |
| -- |
Sep 20, 2016 |
| -- |
Fiction Collection |